000 01251nam a2200265Ia 4500
999 _c53449
_d53449
001 20493
003 GE_BSU
005 20210104232950.0
008 181216s1980||||ge |||||||||||||| ||geo||
040 _cGE_BSU
041 _ageo
080 _a821.353.1(075.3) რ-21
100 _aრამიშვილი, ვ.
_99991
245 _aმშობლიური ლიტერატურა :
_bმე-4კლ. სახელმძღვ. /
_cვ. რამიშვილი, კლ. დევდარიანი, შ. თაბუკაშვილი ; რედ. თ. ჯიჯეიშვილი.
250 _aმე-10 გამოცემა
264 _aთბილისი :
_bგანათლება,
_c1980.
300 _a165 გვ. :
_bილ. 4 ფ. ილ. ;
_c20 სმ.
541 _h40თ.
653 _aმე-4კლ. სახელმძღვანელო
653 _aმშობლიური ლიტერატურა
700 _aდევდარიანი, კლ.
_eავტორი
_99988
700 _aთაბუკაშვილი, შ.
_eავტორი
_99992
700 _aჯიჯეიშვილი, შ.
_eრედაქტორი
_99993
942 _cBK
_2udc